00517nam a2200145Ia 4500008004100000245010700041260003500148260000900183300000800192650001800200650001500218856004600233999001900279952007300298170221s9999 xx 000 0 und d 3aAn Examination of Perceived Relational Messages that Accompany Interpersonal Communication Motivations bThe Open Communication Journal c2012 a6 : xCommunication xMedia Arts uhttps://benthamopen.com/TOCOMMJ/VOLUME/6/ c307297d307297 001040aCLbCLd2017-02-21l0r2017-02-21 00:00:00w2017-02-21yFOJ